Normal view
MARC view
Entry Personal Name
001 - CONTROL NUMBER
- control field: 1124404
003 - CONTROL NUMBER IDENTIFIER
- control field: OSt
005 - DATE AND TIME OF LATEST TRANSACTION
- control field: 20260306152956.0
008 - FIXED-LENGTH DATA ELEMENTS
- fixed length control field: 260306|| aca||aabn | a|a d
040 ## - CATALOGING SOURCE
- Original cataloging agency: OSt
- Transcribing agency: OSt
100 ## - HEADING--PERSONAL NAME
- Personal name: Lovett/Wasser
670 ## - SOURCE DATA FOUND
- Source citation: Work cat.: (OSt)1701704: Lovett/Wasser, Biogeography and Ecology of the Rain Forests of Eastern Africa
